01250cam a22003377a 4500003000500000005001700005008004100022010000900063011000900072035000900081040000900090082002300099100002800122245011000150250001000260260004900270300001900319590004100338590004100379590004100420590004200461650002800503650004300531650003800574700002500612901000700637942001000644949009000654999001500744952015300759CHAP20220329133637.0971013s1987 r 00010 d a8941 a9913 a9149 cCHAP a636.08245bH4 198700aHerman, Harry A.95374114aThe artificial insemination and embryotransfer of dairy and beef cattle, a handbook and laboratory manual a7 ed. aDenville, Illinois :bThe Interestate,c1987 a279 p.b: ilus aBATCH-UPDb10c20130110lUCH01h1704 aBATCH-UPDb10c20130410lUCH01h1051 aBATCH-UPDb10c20130914lUCH01h1509 aCONVERSIONb10c20130109lUCH01h130614aGanado de carne.94506714aGanado lecheroxReproducción.94529414aInseminación artificial.9589640 aMadden, F. W.969579 aBK cLIBRO a636.08245 H4 1987bBCcLIBROd33724000224671eLIBROgI.151503h78151i9149sit159.03 c8941d8941 00102ddc4052708GRALaBCbBCcPP_GRALd2019-12-31eI.151503fLIBROl0o636.08245 H4 1987p33724000224671r2019-12-31 00:00:00w2019-12-31yLIBRO